书目信息 |
| 题名: |
专利保护水平与企业专利行为研究
|
|
| 作者: | 徐明华 , 陈锦其 , 包海波 著 | |
| 分册: | ||
| 出版信息: | 北京 人民出版社 2009.12 |
|
| 页数: | 216页 | |
| 开本: | 24cm | |
| 丛书名: | ||
| 单 册: | ||
| 中图分类: | G306 , F279.23 | |
| 科图分类: | ||
| 主题词: | 企业管理--qi ye guan li--专利--研究--中国 | |
| 电子资源: | ||
| ISBN: | 978-7-01-008521-0 | |
| 000 | 01139nam0 2200289 450 | |
| 001 | 012010981625 | |
| 005 | 20100604103526.06 | |
| 010 | @a978-7-01-008521-0@dCNY26.00 | |
| 100 | @a20100604d2009 em y0chiy0120 ea | |
| 101 | 0 | @achi |
| 102 | @aCN@b110000 | |
| 105 | @aak a 000yy | |
| 106 | @ar | |
| 200 | 1 | @a专利保护水平与企业专利行为研究@Azhuan li bao hu shui ping yu qi ye zhuan li xing wei yan jiu@f徐明华, 陈锦其, 包海波等著@Fxu ming hua,chen jin qi,bao hai bo deng zhu |
| 210 | @a北京@c人民出版社@d2009.12 | |
| 215 | @a216页@c图@d24cm | |
| 300 | @a浙江省哲学社会科学规划课题成果 科学发展观与浙江发展研究中心研究成果 | |
| 320 | @a有书目 (第204-216页) | |
| 330 | @a本书描述了创新型企业的专利行为、专利水平、对目前专利保护环境的评价和内在要求等,反映了在目前的专利制度框架下创新型企业的专利行为特点,揭示了影响企业专利行为的各种因素。 | |
| 606 | 0 | @a企业管理@Aqi ye guan li@x专利@x研究@y中国 |
| 690 | @aG306@v4 | |
| 690 | @aF279.23@v4 | |
| 701 | 0 | @a徐明华@Axu ming hua@4著 |
| 701 | 0 | @a陈锦其@Achen jin qi@4著 |
| 701 | 0 | @a包海波@Abao hai bo@4著 |
| 801 | 0 | @aCN@bQSSK@c20100604 |
| 905 | @b781805-07@dG306@eX762@f3 | |
| 专利保护水平与企业专利行为研究/徐明华, 陈锦其, 包海波等著.-北京:人民出版社,2009.12 |
| 216页:图;24cm |
| 浙江省哲学社会科学规划课题成果 科学发展观与浙江发展研究中心研究成果 |
| ISBN 978-7-01-008521-0:CNY26.00 |
| 本书描述了创新型企业的专利行为、专利水平、对目前专利保护环境的评价和内在要求等,反映了在目前的专利制度框架下创新型企业的专利行为特点,揭示了影响企业专利行为的各种因素。 |
| ● |
| 相关链接 |
|
|
|
正题名:专利保护水平与企业专利行为研究
索取号:G306/X762
 
预约/预借
| 序号 | 登录号 | 条形码 | 馆藏地/架位号 | 状态 | 备注 |
| 1 | 781805 | 207818058 | 社科二线422/409社科库 120排1列4层/ [索取号:G306/X762] | 在馆 | |
| 2 | 781806 | 207818067 | 社科库409/409社科库 120排1列4层/ [索取号:G306/X762] | 在馆 | |
| 3 | 781807 | 207818076 | 社科库409/409社科库 120排1列4层/ [索取号:G306/X762] | 在馆 |